[Event "Catalunya-chT"]
[Site "Spain"]
[Date "2004.??.??"]
[Round "4"]
[White "Rius Colomer, Luis Albert"]
[Black "Del Rio Genaro, Manuel"]
[Result "0-1"]
[WhiteElo "2110"]
[BlackElo "2190"]
[PlyCount "26"]
[EventDate "2004.??.??"]
[EventType "team"]
[EventRounds "9"]
[EventCountry "ESP"]
[SourceTitle "EXT 2007"]
[Source "ChessBase"]
[SourceDate "2006.11.23"]
[SourceVersion "1"]
[SourceVersionDate "2006.11.23"]
[SourceQuality "1"]

1. e4 e5 2. Nf3 d5 3. Nxe5 Bd6 4. d4 dxe4 5. Bc4 Bxe5 6. Qh5 Qe7 7. dxe5 Nc6 8. Bg5 Qb4+ 9. Nd2 Nxe5 10. 0-0-0 Bg4 11. Bxf7+ Kf8 12. Qh4 Bxd1 13. Rxd1 Nxf7 0-1